| 000 | 00353nam a2200133Ia 4500 | ||
|---|---|---|---|
| 008 | 210312s9999||||xx |||||||||||||| ||und|| | ||
| 041 | _aosm | ||
| 050 | _aDR558 | ||
| 050 | _bM87.A2 | ||
| 100 | _aMustafa Reşit Paşa | ||
| 245 | 0 | _aBir Türk diplomatının evrak-ı siyasiyesi | |
| 260 | _c1306 | ||
| 650 | _aTarih--Türkiye--Dış ilişkiler--Kaynaklar | ||
| 999 |
_c22132 _d22132 |
||